| 000 | 00975cab a2200193 4500 | ||
|---|---|---|---|
| 001 | ABS67486 | ||
| 008 | 040304n2004 000 0 eng u | ||
| 035 | _a(Sirsi) u125328 | ||
| 100 | _aJackson, S. | ||
| 245 | _aPlease don't leave us out in the cold | ||
| 260 | _c2004 | ||
| 490 |
_aEstates Gazette _v(0406) 7 February 2004, 136-138(3) |
||
| 520 | _aSummarises some of the history surrounding the provision of disabled access. Looks at public reaction to the provisions of the act and lists some of the needs of disabled people. Argues that ultimately the achievement of a reasonable balance, between the rights of disabled people using services and the resources and capacity of the service provider, is the crux of the provision. | ||
| 590 | _aABS | ||
| 650 | _aMANAGEMENT-BUSINESS MANAGEMENT-DISCRIMINATION-DISABILITY DISCRIMINATION-ACCESSIBILITY | ||
| 650 | _aDISABILITY DISCRIMINATION ACT 1995 | ||
| 690 | _aBUILT ENVIRONMENT-CONSTRUCTION DESIGN | ||
| 942 | _n0 | ||
| 999 |
_c74235 _d74235 |
||